The twilight of the U-boats /

Bibliographic Details
Main Author: Edwards, Bernard, 1926-
Format: Book
Language:English
Published: Annapolis, Md. : Naval Institute Press, [2004]
Subjects:

MARC

Tag First Indicator Second Indicator Subfields
LEADER 00000cam a22000004a 4500
001 in00002000396
005 20151031125328.0
008 031128s2004 mdua b 001 0 eng
010 |a  2003115948 
020 |a 1591148847 
035 |a (OCoLC)ocm54913068 
040 |a DLC  |c DLC  |d UtOrBLW 
042 |a pcc 
043 |a e-gx---  |a l------  |a mm----- 
049 |a TXAM 
050 0 0 |a D781  |b .E3824 2004 
082 0 0 |a 940.54/51/0943  |2 22 
100 1 |a Edwards, Bernard,  |d 1926- 
245 1 4 |a The twilight of the U-boats /  |c by Bernard Edwards. 
264 1 |a Annapolis, Md. :  |b Naval Institute Press,  |c [2004] 
264 4 |c ©2004 
300 |a ix, 198 pages :  |b illustrations ;  |c 25 cm. 
336 |a text  |b txt  |2 rdacontent 
337 |a unmediated  |b n  |2 rdamedia 
338 |a volume  |b nc  |2 rdacarrier 
504 |a Includes bibliographical references (pages 190-191) and index. 
505 0 |a Atlantic shooting gallery -- First time out -- Rendezvous at Cape Farewell -- The hardest battle -- The running fight -- The climax -- The turning point -- A lucky escape -- Some new weapons -- Fresh pastures -- The waiting game -- The end of the road -- The end of a dream. 
650 0 |a World War, 1939-1945  |x Naval operations, German. 
650 0 |a World War, 1939-1945  |x Naval operations  |x Submarine. 
650 0 |a World War, 1939-1945  |x Campaigns  |z Atlantic Ocean. 
650 0 |a World War, 1939-1945  |x Campaigns  |z Mediterranean Sea. 
945 |i PromptCat 
948 |a cataloged  |b h  |c 2004/10/28  |d c  |e dmitchel  |f 2:30:20 pm 
994 |a 92  |b TXA 
999 |a MARS 
999 f f |s 3d695759-1fd8-3649-b91c-03a63d98811a  |i 71cb789c-5a37-3765-8543-37a82dee1bb8  |t 0 
952 f f |p ric  |a Texas A&M University  |b Rellis Campus  |c Joint Library Facility  |d Remote Storage  |t 0  |e D781 .E3824 2004  |h Library of Congress classification  |i unmediated -- volume  |m A14831344395 
998 f f |a D781 .E3824 2004  |t 0  |l Remote Storage